Fundamentación filosófica de la justicia penal extraterritorial

Na minha lista:
Detalhes bibliográficos
Autor principal: Chehtman, Alejandro (Author)
Formato: Livro
Idioma:espanhol
Publicado em: Barcelona Marcial Pons 2013
Edição:1a. ed
Colecção:Derecho Penal y Criminología
Assuntos:
Tags: Adicionar Tag
Sem tags, seja o primeiro a adicionar uma tag!

MARC

LEADER 00000cam a2200000 a 4500
001 UCE2048
003 CL-VaPUC
008 140605e20130000sp |||||||||||||||||spa|d
020 |a 97895615948308 
082 0 4 |a 341.552  |b CHE  |2 21 
100 0 |a Chehtman, Alejandro  |e author  |9 574525 
245 1 0 |a Fundamentación filosófica de la justicia penal extraterritorial 
250 |a 1a. ed 
300 |a 262 p 
942 |c BK 
945 |d 20140605 14:22:00  |a dcastane 
260 |a Barcelona  |b Marcial Pons  |c 2013 
650 0 |a Derecho penal internacional  |9 371889 
650 0 |a Delitos internacionales   |9 255069 
650 0 |a Justicia internacional  |9 565729 
583 |a last modification  |c 20161003 08:06:31  |k Rodrigo Vera 
490 0 |a Derecho Penal y Criminología 
999 |c 355727  |d 355725 
952 |0 0  |1 0  |3 erb  |4 0  |6 341_552000000000000_CHE_2013  |7 0  |8 A  |9 462560  |a BIBDER  |b BIBDER  |i 5082188  |o 341.552 CHE 2013  |p 5082188  |r 2023-01-25  |w 2019-11-23  |y BK  |z Catalogado en:20140605  |k DER